Cerebrospinal fluid in diseases of the nervous system / (Record no. 811)

000 -LEADER
fixed length control field 00624nam a22002177a 4500
001 - CONTROL NUMBER
control field 5521501
003 - CONTROL NUMBER IDENTIFIER
control field LIBRIS
005 - DATE AND TIME OF LATEST TRANSACTION
control field 20210422062340.0
008 - FIXED-LENGTH DATA ELEMENTS--GENERAL INFORMATION
fixed length control field 011211s1980 xxu 000 0 eng c
020 ## - INTERNATIONAL STANDARD BOOK NUMBER
International Standard Book Number 0721636861
040 ## - CATALOGING SOURCE
Original cataloging agency eng
Language of cataloging eng
Transcribing agency DLC
041 ## - LANGUAGE CODE
Language code of text/sound track or separate title eng
080 ## - UNIVERSAL DECIMAL CLASSIFICATION NUMBER
Universal Decimal Classification number 616.8
Item number F-58
100 1# - MAIN ENTRY--PERSONAL NAME
Personal name Fishman, Robert A.
245 00 - TITLE STATEMENT
Title Cerebrospinal fluid in diseases of the nervous system /
Statement of responsibility, etc. Robert A. Fishman
Remainder of title / by: W. B. Saunders Company
260 ## - PUBLICATION, DISTRIBUTION, ETC.
Place of publication, distribution, etc. Philadelphia
Date of publication, distribution, etc. 1980
Name of publisher, distributor, etc. W. B. Saunders Company
300 ## - PHYSICAL DESCRIPTION
Extent 384 p.
Other physical details ill.
650 #0 - SUBJECT ADDED ENTRY--TOPICAL TERM
9 (RLIN) 100
Topical term or geographic name entry element Neurology
653 ## - INDEX TERM--UNCONTROLLED
Uncontrolled term ნევროლოგია
942 ## - ADDED ENTRY ELEMENTS (KOHA)
Source of classification or shelving scheme
Koha item type Books
Holdings
Withdrawn status Lost status Source of classification or shelving scheme Damaged status Not for loan Permanent location Current location Date acquired Inventory number Total Checkouts Full call number Barcode Date last seen Price effective from Koha item type
          Ken Walker International University Ken Walker International University 12/22/2020 2183   616.8 F-58 2183 12/22/2020 12/22/2020 Books

Powered by Koha